<?xml version="1.0" encoding="UTF-8"?>
<record
    xmlns:xsi="http://www.w3.org/2001/XMLSchema-instance"
    xsi:schemaLocation="http://www.loc.gov/MARC21/slim http://www.loc.gov/standards/marcxml/schema/MARC21slim.xsd"
    xmlns="http://www.loc.gov/MARC21/slim">

  <leader>01832cam a22003371  4500</leader>
  <controlfield tag="001">7055</controlfield>
  <controlfield tag="003">BD-RjUL</controlfield>
  <controlfield tag="005">20211208234347.0</controlfield>
  <controlfield tag="008">130114r19591952ncuacg   b    001 0 eng d</controlfield>
  <datafield tag="035" ind1=" " ind2=" ">
    <subfield code="a">(BD-RjUL)7097</subfield>
  </datafield>
  <datafield tag="035" ind1=" " ind2=" ">
    <subfield code="a">(OCoLC)349491</subfield>
  </datafield>
  <datafield tag="040" ind1=" " ind2=" ">
    <subfield code="a">DLC</subfield>
    <subfield code="c">OAU</subfield>
    <subfield code="d">OCoLC</subfield>
    <subfield code="d">NBrockU</subfield>
    <subfield code="d">OCoLC</subfield>
    <subfield code="d">ICarbS</subfield>
    <subfield code="d">OCoLC</subfield>
    <subfield code="d">DLC</subfield>
    <subfield code="d">BD-RjUL</subfield>
    <subfield code="b">eng</subfield>
  </datafield>
  <datafield tag="041" ind1=" " ind2=" ">
    <subfield code="a">eng</subfield>
  </datafield>
  <datafield tag="082" ind1=" " ind2=" ">
    <subfield code="a">398</subfield>
    <subfield code="b">FRA 1959</subfield>
  </datafield>
  <datafield tag="110" ind1="2" ind2=" ">
    <subfield code="a">Duke University.</subfield>
    <subfield code="b">Library.</subfield>
    <subfield code="b">Frank C. Brown Collection of North Carolina Folklore.</subfield>
    <subfield code="9">22097</subfield>
  </datafield>
  <datafield tag="245" ind1="1" ind2="4">
    <subfield code="a">The Frank C. Brown Collection of North Carolina Folklore :</subfield>
    <subfield code="b">the folklore of North Carolina, collected by Dr. Frank C. Brown during the years 1912 to 1943, in collaboration with the North Carolina Folklore Society of which he was secretary-treasurer 1913-1943 /</subfield>
    <subfield code="c">General editor: Newman Ivey White; associate editors: Henry M. Belden [and others] Wood engravings by Clare Leighton.</subfield>
    <subfield code="n">Volume 1</subfield>
  </datafield>
  <datafield tag="260" ind1=" " ind2=" ">
    <subfield code="a">Durham, N.C.,</subfield>
    <subfield code="b">Duke University Press</subfield>
    <subfield code="c">c1952 [printed 1959]</subfield>
  </datafield>
  <datafield tag="300" ind1=" " ind2=" ">
    <subfield code="a">1 v. (xiv, 712 p.)</subfield>
    <subfield code="b">illus., port., music.</subfield>
    <subfield code="c">23 cm.</subfield>
  </datafield>
  <datafield tag="504" ind1=" " ind2=" ">
    <subfield code="a">Includes bibliographies.</subfield>
  </datafield>
  <datafield tag="505" ind1="0" ind2=" ">
    <subfield code="a">v. 1. Games and rhymes. Beliefs and customs. Riddles. Proverbs. Speech. Tales and legends.--v. 2. Folk ballads from North Carolina.--v. 3. Folk songs from North Carolina.--v. 4. The music of the ballads.--v. 5. The music of the folk songs.--v. 6-7. Popular beliefs and superstitions from North Carolina.</subfield>
  </datafield>
  <datafield tag="650" ind1=" " ind2="0">
    <subfield code="a">Folklore</subfield>
    <subfield code="z">North Carolina.</subfield>
    <subfield code="9">22099</subfield>
  </datafield>
  <datafield tag="650" ind1=" " ind2="0">
    <subfield code="a">Folk songs, English</subfield>
    <subfield code="z">North Carolina.</subfield>
    <subfield code="9">22100</subfield>
  </datafield>
  <datafield tag="700" ind1="1" ind2=" ">
    <subfield code="a">White, Newman Ivey,</subfield>
    <subfield code="d">1892-1948,</subfield>
    <subfield code="e">ed.</subfield>
    <subfield code="9">22101</subfield>
  </datafield>
  <datafield tag="700" ind1="1" ind2=" ">
    <subfield code="a">Brown, Frank Clyde,</subfield>
    <subfield code="d">1870-1943.</subfield>
    <subfield code="9">22102</subfield>
  </datafield>
  <datafield tag="710" ind1="2" ind2=" ">
    <subfield code="a">North Carolina Folklore Society.</subfield>
    <subfield code="9">22103</subfield>
  </datafield>
  <datafield tag="740" ind1="0" ind2=" ">
    <subfield code="a">North Carolina folklore.</subfield>
  </datafield>
  <datafield tag="942" ind1=" " ind2=" ">
    <subfield code="2">ddc</subfield>
    <subfield code="c">BK</subfield>
  </datafield>
  <datafield tag="999" ind1=" " ind2=" ">
    <subfield code="c">7055</subfield>
    <subfield code="d">7055</subfield>
  </datafield>
  <datafield tag="952" ind1=" " ind2=" ">
    <subfield code="0">0</subfield>
    <subfield code="1">0</subfield>
    <subfield code="2">ddc</subfield>
    <subfield code="3">V-1</subfield>
    <subfield code="4">0</subfield>
    <subfield code="7">1</subfield>
    <subfield code="8">NFIC</subfield>
    <subfield code="a">RUCL</subfield>
    <subfield code="b">RUCL</subfield>
    <subfield code="c">reading</subfield>
    <subfield code="d">1966-05-23</subfield>
    <subfield code="e">Zeitlinger</subfield>
    <subfield code="g">480.00</subfield>
    <subfield code="l">0</subfield>
    <subfield code="o">398 FRA 1959</subfield>
    <subfield code="r">2014-01-13 00:00:00</subfield>
    <subfield code="t">C-1</subfield>
    <subfield code="w">2014-01-13</subfield>
    <subfield code="y">BK</subfield>
  </datafield>
  <datafield tag="952" ind1=" " ind2=" ">
    <subfield code="0">0</subfield>
    <subfield code="1">0</subfield>
    <subfield code="2">ddc</subfield>
    <subfield code="4">0</subfield>
    <subfield code="7">0</subfield>
    <subfield code="8">NFIC</subfield>
    <subfield code="a">RUCL</subfield>
    <subfield code="b">RUCL</subfield>
    <subfield code="c">Stack</subfield>
    <subfield code="d">1966-05-23</subfield>
    <subfield code="e">Zeitlinger</subfield>
    <subfield code="g">480.00</subfield>
    <subfield code="l">0</subfield>
    <subfield code="o">398 FRA 1959</subfield>
    <subfield code="r">2016-08-02 00:00:00</subfield>
    <subfield code="t">C-2</subfield>
    <subfield code="w">2016-08-02</subfield>
    <subfield code="y">BK</subfield>
  </datafield>
  <datafield tag="952" ind1=" " ind2=" ">
    <subfield code="0">0</subfield>
    <subfield code="1">0</subfield>
    <subfield code="2">ddc</subfield>
    <subfield code="4">0</subfield>
    <subfield code="7">0</subfield>
    <subfield code="8">NFIC</subfield>
    <subfield code="a">RUCL</subfield>
    <subfield code="b">RUCL</subfield>
    <subfield code="c">Stack</subfield>
    <subfield code="d">1966-05-23</subfield>
    <subfield code="e">Zeitlinger</subfield>
    <subfield code="g">480.00</subfield>
    <subfield code="l">0</subfield>
    <subfield code="o">398 FRA 1959</subfield>
    <subfield code="r">2016-08-02 00:00:00</subfield>
    <subfield code="t">C-3</subfield>
    <subfield code="w">2016-08-02</subfield>
    <subfield code="y">BK</subfield>
  </datafield>
  <datafield tag="952" ind1=" " ind2=" ">
    <subfield code="0">0</subfield>
    <subfield code="1">0</subfield>
    <subfield code="2">ddc</subfield>
    <subfield code="4">0</subfield>
    <subfield code="7">0</subfield>
    <subfield code="8">NFIC</subfield>
    <subfield code="a">RUCL</subfield>
    <subfield code="b">RUCL</subfield>
    <subfield code="c">Stack</subfield>
    <subfield code="d">1966-05-23</subfield>
    <subfield code="e">Zeitlinger</subfield>
    <subfield code="g">480.00</subfield>
    <subfield code="l">0</subfield>
    <subfield code="o">398 FRA 1959</subfield>
    <subfield code="r">2016-08-02 00:00:00</subfield>
    <subfield code="t">C-4</subfield>
    <subfield code="w">2016-08-02</subfield>
    <subfield code="y">BK</subfield>
  </datafield>
</record>
